000 01101nam a22003257a 4500
003 CHAP
005 20220329143535.0
008 100426s1996 mx r 00010 spa d
010 _a98241
011 _a99213
020 _a9687724145
035 _a109898
040 _cCHAP
082 0 4 _a615.532
_bC16
100 1 _aCano Blanco, Modesto
_918386
245 1 0 _aApuntes de materia médica homeopática :
_borientada en algunos padecimientos oftalmológicos
_c/por Modesto Cano Blanco
260 _aMéxico :
_bInstituto Politécnico Nacional,
_cc1996
300 _a91 p. :
_bilus.
590 _aBATCH-UPD
_b10
_c20130110
_lUCH01
_h0914
590 _aBATCH-UPD
_b10
_c20130410
_lUCH01
_h0538
590 _aBATCH-UPD
_b10
_c20130914
_lUCH01
_h0853
590 _aCONVERSION
_b10
_c20130109
_lUCH01
_h1354
650 1 4 _aHomeopatia.
_956056
650 1 4 _aMateria médica.
_972929
650 1 4 _aOftalmología.
_982817
650 1 4 _aOjo, manifestaciones de enfermedades generales en el.
_982930
901 _aBK
942 _cLIBRO
949 _a615.532 C16
_bBC
_cLIBRO
_d33724002118248
_eLIBRO
_h112369
_i109898
_sb
999 _c98241
_d98241